Statistics for The Impossible Logic Quiz #1 (Self-Referential Logic Test)

Click here to take the quiz!

General Stats

  • This quiz has been taken 110 times
    (98 since last reset)
  • The average score is 10 of 15

Answer Stats

QuestionAnswer% Correct
Afghanistan and Iceland were two of three countries to be the first countries to be admitted to the UN that were not original members in November 1946. What was the third country?B: Sweden
92%
What letter does number 12's answer start with?D: S
90%
What month were Afghanistan, Iceland, and Sweden, whom were admitted on the same day, admitted to the UN?C: November
84%
How many answers are 'A's in this quiz?C: 3
68%
How many answers are 'B' below this question?D: 2
68%
What is #2's answer?D: D
68%
What's this question's answer?D: D
67%
What is the difference in answers from 13 to 14?D: The same
65%
What is the comparison in the alphabet from this answer to 9's answer?B: This answer is one letter earlier in the alphabet than 9's answer
63%
What is not the answer to the above question?A: A
62%
What is the nearest question above with answer 'B'?B: 6
62%
What are the two answers above?C: C, D
62%
There is a group of numbers that has all of the corresponding questions with answers D. (Note that questions outside of this group of questions may also have answers D.) Which group of numbers is has this quality?A: Multiples of 5
57%
What letter is not the answer to this problem?C: D
57%
Question not necessary.A:
53%

Score Distribution

Percentile by Number Answered

Percent of People with Each Score

Your Score History

You have not taken this quiz since the last reset